[Event "SVK-ch U10"]
[Site "Stara Lubovna"]
[Date "2022.05.25"]
[Round "6"]
[White "Viglas, Matej"]
[Black "Sotnik, Simon"]
[Result "0-1"]
[WhiteElo "1000"]
[BlackElo "1038"]
[PlyCount "72"]
[EventDate "2022.05.21"]
[EventType "swiss"]
[EventRounds "9"]
[EventCountry "SVK"]
[SourceTitle "CBM 208 Extra"]
[Source "ChessBase"]
[SourceDate "2022.07.31"]
[SourceVersion "1"]
[SourceVersionDate "2022.07.31"]
[SourceQuality "1"]

1. e4 c5 2. Nf3 g6 3. Nc3 Bg7 4. Bc4 Nc6 5. Ng5 e6 6. Qf3 Qxg5 7. d3 Qf6 8. Qe3 Nd4 9. Qd2 Bh6 10. Qd1 Bxc1 11. Rxc1 Ne7 12. Qd2 Nec6 13. Qe3 Nb4 14. 0-0 Nbxc2 15. Qd2 b6 16. Nb5 Nxb5 17. Bxb5 Nd4 18. Bc4 Bb7 19. Rfe1 0-0 20. Re3 Rae8 21. Kf1 d5 22. Bb3 Nxb3 23. axb3 dxe4 24. dxe4 Qg5 25. Rd1 Rd8 26. Qe2 Rxd1+ 27. Qxd1 f5 28. Rg3 Qf6 29. Qd7 Bxe4 30. Ke2 Qxb2+ 31. Ke3 Qxb3+ 32. Kf4 Qb4 33. Kg5 Rf7 34. Qxe6 Qd2+ 35. f4 Qd8+ 36. Kh6 Qh4# 0-1

[Event "SVK-ch U10"]
[Site "Stara Lubovna"]
[Date "2022.05.21"]
[Round "1"]
[White "Sotnik, Simon"]
[Black "Prochazka, Michal"]
[Result "0-1"]
[WhiteElo "1038"]
[BlackElo "1000"]
[PlyCount "22"]
[EventDate "2022.05.21"]
[EventType "swiss"]
[EventRounds "9"]
[EventCountry "SVK"]
[SourceTitle "CBM 208 Extra"]
[Source "ChessBase"]
[SourceDate "2022.07.31"]
[SourceVersion "1"]
[SourceVersionDate "2022.07.31"]
[SourceQuality "1"]

1. f4 d5 2. Nf3 Nc6 3. g3 Nf6 4. Bg2 Bf5 5. d3 e6 6. 0-0 Ng4 7. h3 Nf6 8. Nc3 Bc5+ 9. d4 Bb6 10. Ne5 Nxd4 11. Rb1 Bxc2 0-1